000 00394nam a2200145 4500
001 128051
003 ES-MaACL
007 t|
008 070214s1917 fr r ||||1| fre d
100 1 _aRipert, Emile.
_997418
245 1 3 _aLa renaissance provençale
_b: (1800-1860) /
_cEmile Ripert.
260 _aParis :
_bE. Champion,
_c1917.
300 _a533 p. ;
_c25 cm.
852 _aES-MaACL
_jG-5324
999 _c128051
_d128051